| 000 | 00000nam##2200000za#4500 |
| 001 | 9.601224 |
| 003 | CaOODSP |
| 005 | 20210624205952 |
| 007 | cr ||||||||||| |
| 008 | 150406|1997||||xxc|||||o f|0| 0 fre|d |
| 040 | |aCaOODSP|bfre |
| 043 | |an-cn--- |
| 086 | 1 |aC21-24/16-1997F-PDF |
| 110 | 1 |aCanada.|bIndustrie Canada. |bDirection de l'analyse micro-économique. |
| 245 | 10|aStratégies commerciales des PME et des grandes entreprises au Canada / |h[ressource électronique]|cpar Gilles McDougall et David Swimmer. |
| 260 | |aOttawa - Ontario : |bIndustrie Canada. |cOctobre 1997. |
| 300 | |a74p.|bfigures, graphiques, tableaux |
| 490 | 1 |aSérie de document de travail|vN° 16 |
| 504 | |aBibliographie. |
| 590 | |a12-10-Supp|b2012-03-23 |
| 720 | 1 |aMcdougall, Gilles |
| 720 | 1 |aSwimmer, David |
| 775 | 08|tBusiness strategies of SMEs and large firms in Canada / |w(CaOODSP)9.570575 |
| 776 | 0#|tBusiness strategies of SMEs and large firms in Canada / |w(CaOODSP)9.529468 |
| 776 | 0#|tStratégies commerciales des PME et des grandes entreprises au Canada / |w(CaOODSP)9.529469 |
| 830 | #0|aSérie de document de travail ;|vN° 16|w(CaOODSP)9.501123 |
| 856 | 40|ahttp://publications.gc.ca|qPDF|s1.81 Mo|uhttps://publications.gc.ca/collections/Collection/C21-24-16-1997F.pdf|yN° 16 |